<?xml version='1.0' encoding='UTF-8'?>
  <record xmlns="http://www.loc.gov/MARC21/slim">
    <leader>00000ctm a2200000 i 4500</leader>
    <controlfield tag="001">on1231551533</controlfield>
    <controlfield tag="003">OCoLC</controlfield>
    <controlfield tag="005">20240202180208.2</controlfield>
    <controlfield tag="008">210115m18621885xxk           000 0 eng d</controlfield>
    <datafield tag="040" ind1=" " ind2=" ">
      <subfield code="a">QGJ</subfield>
      <subfield code="b">eng</subfield>
      <subfield code="e">rda</subfield>
      <subfield code="e">dcrmm</subfield>
      <subfield code="c">QGJ</subfield>
      <subfield code="d">QGJ</subfield>
      <subfield code="d">OCL</subfield>
      <subfield code="d">OCLCO</subfield>
      <subfield code="d">OCLCQ</subfield>
      <subfield code="d">OCLCO</subfield>
      <subfield code="d">OCLCL</subfield>
    </datafield>
    <datafield tag="035" ind1=" " ind2=" ">
      <subfield code="a">(OCoLC)1231551533</subfield>
    </datafield>
    <datafield tag="100" ind1="1" ind2=" ">
      <subfield code="a">Bewick, Thomas,</subfield>
      <subfield code="d">1753-1828.</subfield>
      <subfield code="1">https://id.oclc.org/worldcat/entity/E39PBJj4pf99m84mWYgWTfCfbd</subfield>
    </datafield>
    <datafield tag="242" ind1="1" ind2="0">
      <subfield code="a">Verzameling van houtsneden: plakboek</subfield>
      <subfield code="y">dut</subfield>
    </datafield>
    <datafield tag="245" ind1="1" ind2="4">
      <subfield code="a">Collection of engravings on wood :</subfield>
      <subfield code="k">scrapbook /</subfield>
      <subfield code="c">Thomas Bewick</subfield>
    </datafield>
    <datafield tag="246" ind1="1" ind2="8">
      <subfield code="a">Woodcuts</subfield>
    </datafield>
    <datafield tag="264" ind1=" " ind2="3">
      <subfield code="c">[between 1862 and 1885?].</subfield>
    </datafield>
    <datafield tag="300" ind1=" " ind2=" ">
      <subfield code="a">245 unnumbered pages, 71 blank pages :</subfield>
      <subfield code="b">black and white ;</subfield>
      <subfield code="c">47 x 38 cm</subfield>
    </datafield>
    <datafield tag="336" ind1=" " ind2=" ">
      <subfield code="a">still image</subfield>
      <subfield code="b">sti</subfield>
      <subfield code="2">rdacontent</subfield>
    </datafield>
    <datafield tag="337" ind1=" " ind2=" ">
      <subfield code="a">unmediated</subfield>
      <subfield code="b">n</subfield>
      <subfield code="2">rdamedia</subfield>
    </datafield>
    <datafield tag="338" ind1=" " ind2=" ">
      <subfield code="a">volume</subfield>
      <subfield code="b">nc</subfield>
      <subfield code="2">rdacarrier</subfield>
    </datafield>
    <datafield tag="340" ind1=" " ind2=" ">
      <subfield code="a">paper</subfield>
      <subfield code="2">rdamat</subfield>
    </datafield>
    <datafield tag="340" ind1=" " ind2=" ">
      <subfield code="m">folio</subfield>
      <subfield code="2">rdabf</subfield>
    </datafield>
    <datafield tag="500" ind1=" " ind2=" ">
      <subfield code="a">Handwritten note on page 46 by Miss [Isabella] Bewick [after 1862].</subfield>
    </datafield>
    <datafield tag="500" ind1=" " ind2=" ">
      <subfield code="a">Provenance of title page on page 211: Thomas Lloyd Crowley Bowe(r?) or Bowes.</subfield>
    </datafield>
    <datafield tag="500" ind1=" " ind2=" ">
      <subfield code="a">Incomplete; some engravings damaged.</subfield>
    </datafield>
    <datafield tag="505" ind1="2" ind2="0">
      <subfield code="t">The chase, a poem (1802) /</subfield>
      <subfield code="r">W. Somerville --</subfield>
      <subfield code="t">Poems, humorous and sentimental, consisting of Cumberland pastorals ... (3rd ed. 1805) /</subfield>
      <subfield code="r">Josiah Relph --</subfield>
      <subfield code="t">Choice emblems, natural, historical, fabulous ... (7th ed. 1793) --</subfield>
      <subfield code="t">The poems and songs of Robert Burns (1828) --</subfield>
      <subfield code="t">The blossoms of morality intended for ... /</subfield>
      <subfield code="r">by the editor of 'The Looking Glass for the Mind --</subfield>
      <subfield code="t">Select fables (1820) /</subfield>
      <subfield code="r">with cuts ... by Thomas and John Bewick, and others --</subfield>
      <subfield code="t">Fabliaux or tales, abridged from French manuscripts (1815) /</subfield>
      <subfield code="r">M. Le Grand --</subfield>
      <subfield code="t">A general history of quadrupeds (1790) --</subfield>
      <subfield code="t">An account of the rejoicings, illuminations etc. etc. that have taken place in Newcastle and Gateshead ... (1821) --</subfield>
      <subfield code="t">Solitude, written originally by J.G. Zimmerman ... (1800).</subfield>
    </datafield>
    <datafield tag="505" ind1="2" ind2="0">
      <subfield code="t">The system of natural history ... (1814) /</subfield>
      <subfield code="r">M. de Buffon --</subfield>
      <subfield code="t">Elmina, or The flower that never fades ... (1815) --</subfield>
      <subfield code="t">The youngster's diary, or Youth's remembrancer of natural events ... --</subfield>
      <subfield code="t">Day, a pastoral in three parts ... --</subfield>
      <subfield code="t">The looking-glass for the mind ... (new ed. 1794) --</subfield>
      <subfield code="t">An essay on the cultivation of taste, as a proper object ... (1818) /</subfield>
      <subfield code="r">Wm. Enfield --</subfield>
      <subfield code="t">An abridgement of the history of England, from the invasion of ... (new ed. 1820).</subfield>
    </datafield>
    <datafield tag="520" ind1=" " ind2=" ">
      <subfield code="a">Collection of approximately 1900 wood engravings, cut from several printed works -the title pages of which are included- which appeared between approximately 1790-1830, illustrated by the famous wood engraver Thomas Bewick, and mounted in a scrapbook.</subfield>
    </datafield>
    <datafield tag="541" ind1="1" ind2=" ">
      <subfield code="3">1 scrapbook</subfield>
      <subfield code="a">A.J. van Huffel's Antiquariaat ;</subfield>
      <subfield code="c">Purchase at auction;</subfield>
      <subfield code="d">June 1963;</subfield>
      <subfield code="e">no. 732</subfield>
    </datafield>
    <datafield tag="563" ind1=" " ind2=" ">
      <subfield code="a">Full calf gold tooled English binding from the middle of the 19th century, with gilt edges.</subfield>
    </datafield>
    <datafield tag="581" ind1=" " ind2=" ">
      <subfield code="a">Veilingcatalogus, boeken van P.H. Ritter Jr [and others], 11 tot 19 juni 1963 / A.J. van Huffel's Antiquariaat.</subfield>
    </datafield>
    <datafield tag="650" ind1=" " ind2="0">
      <subfield code="a">Wood-engraving</subfield>
      <subfield code="x">Private collections.</subfield>
    </datafield>
    <datafield tag="650" ind1=" " ind2="7">
      <subfield code="a">Wood-engraving</subfield>
      <subfield code="x">Private collections.</subfield>
      <subfield code="2">fast</subfield>
      <subfield code="0">(OCoLC)fst01179546</subfield>
    </datafield>
    <datafield tag="655" ind1=" " ind2="7">
      <subfield code="a">scrapbooks.</subfield>
      <subfield code="2">aat</subfield>
    </datafield>
    <datafield tag="655" ind1=" " ind2="7">
      <subfield code="a">Albums (Books)</subfield>
      <subfield code="2">fast</subfield>
      <subfield code="0">(OCoLC)fst01726784</subfield>
    </datafield>
    <datafield tag="655" ind1=" " ind2="7">
      <subfield code="a">History.</subfield>
      <subfield code="2">fast</subfield>
      <subfield code="0">(OCoLC)fst01411628</subfield>
    </datafield>
    <datafield tag="655" ind1=" " ind2="7">
      <subfield code="a">Trivia and miscellanea.</subfield>
      <subfield code="2">fast</subfield>
      <subfield code="0">(OCoLC)fst01921748</subfield>
    </datafield>
    <datafield tag="655" ind1=" " ind2="7">
      <subfield code="a">Albums (Books)</subfield>
      <subfield code="2">lcgft</subfield>
    </datafield>
    <datafield tag="655" ind1=" " ind2="7">
      <subfield code="a">Albums personnalisés.</subfield>
      <subfield code="2">rvmgf</subfield>
    </datafield>
    <datafield tag="710" ind1="2" ind2=" ">
      <subfield code="a">Rijksuniversiteit te Utrecht.</subfield>
      <subfield code="b">Biohistorisch Instituut,</subfield>
      <subfield code="e">former owner.</subfield>
      <subfield code="4">fmo</subfield>
    </datafield>
    <datafield tag="758" ind1=" " ind2=" ">
      <subfield code="i">has work:</subfield>
      <subfield code="a">Collection of engravings on wood scrapbook (Text)</subfield>
      <subfield code="1">https://id.oclc.org/worldcat/entity/E39PCGT6hkmWbbFwxkgqKb9v73</subfield>
      <subfield code="4">https://id.oclc.org/worldcat/ontology/hasWork</subfield>
    </datafield>
  </record>